The vital few : The entrepreneur and American economic progress
Gorde:
| Egile nagusia: | |
|---|---|
| Formatua: | Liburua |
| Hizkuntza: | Undetermined |
| Argitaratua: |
Oxford
Oxfors University Press
1986
|
| Etiketak: |
Etiketa erantsi
Etiketarik gabe, Izan zaitez lehena erregistro honi etiketa jartzen!
|
| Thư viện lưu trữ: | Trung tâm Học liệu Trường Đại học Cần Thơ |
|---|
| LEADER | 00472nam a2200169Ia 4500 | ||
|---|---|---|---|
| 001 | CTU_78172 | ||
| 008 | 210402s9999 xx 000 0 und d | ||
| 082 | |a 330.9 | ||
| 082 | |b H893 | ||
| 100 | |a Hughes, Jonathan | ||
| 245 | 4 | |a The vital few : | |
| 245 | 4 | |b The entrepreneur and American economic progress | |
| 245 | 0 | |c Jonathan Hughes | |
| 260 | |a Oxford | ||
| 260 | |b Oxfors University Press | ||
| 260 | |c 1986 | ||
| 980 | |a Trung tâm Học liệu Trường Đại học Cần Thơ | ||